| 000 | 00338nam a22001337a 4500 | ||
|---|---|---|---|
| 008 | 180924b xxu||||| |||| 00| 0 eng d | ||
| 020 | _a9780761927723 | ||
| 041 | _aeng | ||
| 080 | _a311 | ||
| 100 | _a55 | ||
| 101 | _aSTA | ||
| 245 |
_aAppled Statistics From Bivariale Through Multivariate Techniques _cWarner.R.M |
||
| 942 |
_2udc _cBK |
||
| 999 |
_c48341 _d48341 |
||